LEADER 01042nam a22002771i 4500 001 991001804269707536 005 20031218112133.0 008 040407s1977 it a||||||||||||||||ita 035 $ab12825943-39ule_inst 035 $aARCHE-080556$9ExL 040 $aDip.to Scienze Storiche$bita$cA.t.i. Arché s.c.r.l. Pandora Sicilia s.r.l. 082 04$a970.1 100 1 $aDeloria, Vine$0484277 245 10$aCuster è morto per i vostri peccati :$bmanifesto indiano /$cVine Deloria jr 250 $a2. ed. riv. e corretta 260 $aMilano :$bJaca book,$c1977 300 $a1 v. :$bill. ;$c23 cm 440 0$aDi fronte e attraverso ;$v14 650 4$aIndiani d'America 765 0 $tCuster died for your sins 907 $a.b12825943$b02-04-14$c16-04-04 912 $a991001804269707536 945 $aLE009 STOR.897-48$g1$i2009000391901$lle009$o-$pE0.00$q-$rl$s- $t0$u0$v0$w0$x0$y.i13377310$z16-04-04 996 $aCuster è morto per i vostri peccati$9294777 997 $aUNISALENTO 998 $ale009$b16-04-04$cm$da $e-$fita$git $h0$i1